[Event "POL-ch sf"]
[Site "Karpacz"]
[Date "2022.12.09"]
[Round "7"]
[White "Ciszewski, Krzysztof"]
[Black "Cukrowski, Filip"]
[Result "0-1"]
[WhiteElo "1974"]
[BlackElo "2402"]
[PlyCount "110"]
[EventDate "2022.12.03"]
[EventType "swiss"]
[EventRounds "9"]
[EventCountry "POL"]
[SourceTitle "CBM 211 Extra"]
[Source "ChessBase"]
[SourceDate "2023.01.31"]
[SourceVersion "1"]
[SourceVersionDate "2023.01.31"]
[SourceQuality "1"]

1. d4 Nf6 2. c4 e6 3. Nc3 Bb4 4. e3 0-0 5. Bd3 d5 6. Nf3 c5 7. cxd5 cxd4 8. exd4 exd5 9. 0-0 h6 10. h3 Nc6 11. Bf4 Be6 12. a3 Bxc3 13. bxc3 Rc8 14. Qa4 Qa5 15. Qb3 Ne4 16. Rfc1 Nd8 17. Qb4 Qxb4 18. cxb4 Nc6 19. Rc2 g5 20. Bc1 Nd6 21. Bd2 Bf5 22. Bxf5 Nxf5 23. Rac1 Nd6 24. Rc5 Ne7 25. Rxc8 Rxc8 26. Rxc8+ Nexc8 27. Kf1 Nb6 28. Ke2 Nb5 29. Bc1 Nc4 30. Kd3 Nbxa3 31. Ne5 Kg7 32. h4 f6 33. Nd7 b6 34. hxg5 hxg5 35. Nb8 Nb5 36. Na6 Kf7 37. g4 Ncd6 38. f4 Ne4 39. fxg5 fxg5 40. Nb8 Nf2+ 41. Ke2 Nxg4 42. Bxg5 Nxd4+ 43. Kd3 Ne6 44. Bd2 Ne5+ 45. Kc2 Nd4+ 46. Kd1 Nec6 47. Na6 Nb5 48. Bf4 Ke6 49. Kc2 Kd7 50. Kb3 Kc8 51. Ka4 Kb7 52. Kxb5 Nd4+ 53. Ka4 Kxa6 54. Be3 b5+ 55. Ka3 Nc2+ 0-1

[Event "POL-ch sf"]
[Site "Karpacz"]
[Date "2022.12.07"]
[Round "5"]
[White "Cukrowski, Filip"]
[Black "Hnydiuk, Aleksander"]
[Result "0-1"]
[WhiteElo "2402"]
[BlackElo "2361"]
[PlyCount "72"]
[EventDate "2022.12.03"]
[EventType "swiss"]
[EventRounds "9"]
[EventCountry "POL"]
[SourceTitle "CBM 211 Extra"]
[Source "ChessBase"]
[SourceDate "2023.01.31"]
[SourceVersion "1"]
[SourceVersionDate "2023.01.31"]
[SourceQuality "1"]

1. c4 Nf6 2. Nc3 d5 3. cxd5 Nxd5 4. e4 Nb4 5. Nf3 Nd3+ 6. Bxd3 Qxd3 7. Ne5 Qd4 8. Nf3 Qd3 9. Qa4+ Nc6 10. Ne5 Qd6 11. f4 Qb4 12. Nxc6 Qxa4 13. Nxa4 Bd7 14. Nxe7 Bxa4 15. Nd5 0-0-0 16. Nc3 Bc2 17. d4 Bxe4 18. Nxe4 Re8 19. Kd2 Rxe4 20. Kd3 f5 21. Bd2 Bd6 22. g3 Rhe8 23. Rhe1 Kd7 24. Rxe4 Rxe4 25. g4 Ke6 26. Rf1 g6 27. h3 c6 28. gxf5+ Kxf5 29. Rc1 Re7 30. b4 Ke6 31. a4 Kd5 32. Rf1 Rf7 33. Rf3 g5 34. f5 Bf4 35. Bxf4 Rxf5 36. Rg3 gxf4 0-1

[Event "POL-ch blitz"]
[Site "Suwalki"]
[Date "2022.09.24"]
[Round "13"]
[White "Cukrowski, Filip"]
[Black "Jagura, Norbert"]
[Result "1-0"]
[WhiteElo "2404"]
[BlackElo "1694"]
[PlyCount "59"]
[EventDate "2022.09.24"]
[EventType "swiss (blitz)"]
[EventRounds "15"]
[EventCountry "POL"]
[SourceTitle "CBM 210 Extra"]
[Source "ChessBase"]
[SourceDate "2022.11.30"]
[SourceVersion "1"]
[SourceVersionDate "2022.11.30"]
[SourceQuality "1"]

1. d4 g6 2. e4 Bg7 3. Nc3 d6 4. Nf3 Nf6 5. h3 0-0 6. Be3 c6 7. Be2 Qc7 8. 0-0 Nbd7 9. Qd2 Re8 10. Rfe1 b5 11. a3 Bb7 12. Bd3 a6 13. Bh6 e5 14. Bxg7 Kxg7 15. dxe5 Nxe5 16. Nxe5 dxe5 17. a4 Rad8 18. Qe2 Nh5 19. g3 Bc8 20. Kg2 Be6 21. axb5 axb5 22. Nd1 Qd7 23. Rh1 Ra8 24. Rxa8 Rxa8 25. Ne3 Ra2 26. c4 Rxb2 27. Qxb2 Qxd3 28. Qxe5+ Kg8 29. Rd1 Qxc4 30. Rd8# 1-0